000
00326nam a2200109Ia 4500
008
171211s9999 xx 000 0 und d
245
_a
Stitch It for Fall: Seasonal Sewing Projects to Craft & Quilt
245
_c
Lynette Anderson
260
_c
2013
650
_x
Hobbies
856
_u
http://down.ebook777.com/063/1446303195.pdf
999
_c
350336
_d
350336